| 000 | 00590nam a2200133Ia 4500 | ||
|---|---|---|---|
| 008 | 171212s9999 xx 000 0 und d | ||
| 020 | _a9780874217018 | ||
| 100 | _aAlexander, Jonathan | ||
| 245 |
_cAlexander, Jonathan _aLiteracy, Sexuality, Pedagogy _bTheory and Practice for Composition Studies |
||
| 260 |
_bUniversity Press of Colorado _c2008 |
||
| 650 | _aEducation | ||
| 650 | _aEnglish language -- Rhetoric -- Study and teaching -- Social aspects; Authorship -- Study and teaching (Higher) -- Social aspects; Gender identity; Sex | ||
| 856 | _uwww.jstor.org/stable/10.2307/j.ctt4cgqkw | ||
| 999 |
_c353104 _d353104 |
||